Αγωγή της Προσχολικής Ηλικίας / Πρώτη Ανατύπωση (Record no. 4567)
[ view plain ]
| 000 -LEADER | |
|---|---|
| fixed length control field | 01529cam a22002054a 4500 |
| 005 - ΗΜΕΡΟΜΗΝΙΑ ΚΑΙ ΩΡΑ ΤΕΛΕΥΤΑΙΑΣ ΕΝΗΜΕΡΩΣΗΣ | |
| Πεδίο ελέγχου | 20250605164149.0 |
| 008 - FIXED-LENGTH DATA ELEMENTS--GENERAL INFORMATION | |
| Πεδίο ελέγχου σταθερού μήκους | 250528s ||||||||||||||||||||||||d |
| 035 ## - SYSTEM CONTROL NUMBER | |
| System control number | 19307 |
| 020 ## - ISBN | |
| ISBN | 9600106053 |
| 040 ## - ΠΗΓΗ ΚΑΤΑΛΟΓΟΓΡΑΦΗΣΗΣ | |
| Φορέας πρωτότυπης καταλογογράφησης | MC Athens Campus Library |
| Γλώσσα καταλογογράφησης | Ελληνικά, Μοντέρνα (1453-) |
| Modifying agency | MC Athens Campus Library |
| Κανόνες περιγραφικής καταλογογράφησης | AACR2 |
| 245 1# - ΤΙΤΛΟΣ ΚΑΙ ΔΗΛΩΣΗ ΥΠΕΥΘΥΝΟΤΗΤΑΣ | |
| Τίτλος | Αγωγή της Προσχολικής Ηλικίας / Πρώτη Ανατύπωση |
| 250 ## - EDITION STATEMENT | |
| Edition statement | 1η |
| 260 ## - PUBLICATION, DISTRIBUTION, ETC. | |
| Name of publisher, distributor, etc. | Gutenberg, |
| Date of publication, distribution, etc. | 1998 |
| 300 ## - PHYSICAL DESCRIPTION | |
| Extent | 248 |
| 520 ## - SUMMARY, ETC. | |
| Summary, etc. | Ο σκοπός και τα καθήκοντα της προσχολικής αγωγής καθορίζονται από τους γενικούς σκοπούς και τα καθήκοντα της αγωγής, ανάλογα με τα χαρακτηριστικά γνωρίσματα της ηλικίας των παιδιών. Πρόλογος, Η Αγωγή ως Αντικείμενο της Προσχολικής Παιδαγωγικής, Φυσική Αγωγή, Το Παιχνίδι και η Βασική Δραστηριότητα του Παιδιού της Προσχολικής Ηλικίας, Διδακτικά Παιχνίδια, Νοητική Αγωγή και Ανάπτυξη στα Παιδιά της Προσχολικής Ηλικίας, Ηθικοπολιτιστική Αγωγή, Η Εργασιακή Αγωγή, Αισθητική Αγωγή, Οικογένεια - Νηπιαγωγείο - Σχολείο, Βιβλιογραφία. |
| 700 1# - ΠΡΟΣΘΕΤΗ ΑΝΑΓΡΑΦΗ--ΦΥΣΙΚΟ ΠΡΟΣΩΠΟ | |
| Personal name | Σμαράγδα-Τσιαντζή Μαρία |
| 9 (RLIN) | 5544 |
| 942 ## - ADDED ENTRY ELEMENTS (KOHA) | |
| Koha item type | Books |
| Τύπος τεκμηρίου | Βιβλιοθήκη | Τρέχουσα τοποθεσία | Barcode | Αριθμός εισαγωγής | Ημερομηνία απόκτησης | Ταξιθετικό σύμβολο | Αριθμός αντιτύπου | Κατάσταση απόσυρσης | Κατάσταση χαμένου | Κατάσταση κατεστραμμένου | Μη δανεισμός | Σύνολο δανεισμών | Ημερομηνία τελευταίας εμφάνισης | Η τιμή ισχύει από |
|---|---|---|---|---|---|---|---|---|---|---|---|---|---|---|
| Books | MC Athens Campus Library | MC Athens Campus Library | 9780000045669 | 5319 | 05/06/2025 | 372.21 TSI | 1 | 05/06/2025 | 05/06/2025 |